01170nam a2200217 4500952010200000999001900102008004100121020001500162050002100177100002900198245011300227260004700340300003900387500002400426505034700450519004300797650004700840700002700887700002600914942001200940 00102lcc4070a03b03d2018-10-01l0oPE1128 R52 1997p03 007753r2018-10-01t1w2018-10-01yLB c103401d103401181001s1997 usaa|||| |||| 00| 0 spa d a0521376831 aPE1128bR52 1997 aRichards, Jack C.eautor aInterchangeb : english for internacional communicationsc / Jack C. Richards, Jonathan Hull, Susan Proctor  aCambridgeb : University Cambridgec, 1997 aiv, 60 páginasb : ilustraciones aReimpresión: 1997 aA time to remember I´m just passing trough That´s outrageous I´ve never heard of that! Going places Sure! No problem! What on earth in this? Let´s celebrate! Back to the future I don´t like working overtime It´s really worth seeing! It´s been a long time! A terrible book, but a terrific movie! Say what you mean! What would you do?  aMaterial Complementario /d(03 007753) 0aINGLÉSxLIBROS DE TEXTO PARA EXTRANJEROS aHull, Jonathan eautor aProctor, Susaneautor 2lcccLB